| 000 | 01081cam a22002535a 4500 | ||
|---|---|---|---|
| 001 | L138178 | ||
| 008 | 070521s2007 xxkdk f s 000 0 eng d | ||
| 020 | _a9781860819674 | ||
| 035 | _a(Sirsi) u138178 | ||
| 041 | 0 | _aeng | |
| 050 | 0 | 4 | _a333.72 $2 18 |
| 100 | 1 | _aAizlewood, Chris | |
| 245 | 0 | 0 | _aEnvironmental weightings: their use in the environmental assessment of construction products |
| 260 |
_aBracknell _bIHS BRE Press _c2007 |
||
| 300 |
_a8p. _bill. _c30cm. |
||
| 520 | _aEvery construction product selected for use in a building has an environmental impact through its life cycle. This study describes the development of a weighting system to assess the relative importance of the various impacts. Gives a description of the methodology used to develop the system, the weighting results and an explanation of how the weightings are used. | ||
| 651 | 4 |
_aUnited Kingdom _y |
|
| 690 | _aBUILT ENVIRONMENT-SUSTAINABLE CONSTRUCTION | ||
| 700 | 1 | _aEdwards, Suzy | |
| 700 | 1 | _aHamilton, Lorna | |
| 700 | 1 | _aShiers, David | |
| 700 | 1 | _aSteele, Kristian | |
| 942 | _n0 | ||
| 999 |
_c107044 _d107044 |
||